000 00928cam a22002413a 4500
001 19911
003 PGUSA
005 20140828083424.0
008 061124s2006||||xxu|||||s|||||000 | eng d
040 _aPGUSA
_beng
042 _adc
050 4 _aTL
100 1 _aUnited States. Congress. House. Committee on Science and Astronautics.
245 1 4 _aThe Practical Values of Space Exploration :
_bReport of the Committee on Science and Astronautics, U.S. House of Representatives, Eighty-Sixth Congress, Second Session
_h[electronic resource] /
_cUnited States. Congress. House. Committee on Science and Astronautics.
260 _bProject Gutenberg,
_c2006
506 _aPublic domain in the USA.
516 _aElectronic text
653 _aAstronautics and civilization
653 _aAstronautics -- United States
830 0 _aProject Gutenberg
_v19911
856 4 0 _uhttp://www.gutenberg.org/ebooks/19911
942 _cEB
999 _c249166
_d249166